000
00306nam a22001217a 4500
020
_a
0-85229-163-9
082
_a
030 GRE'H
100
_a
HUTCHINS, ROBERT M
_9
76481
245
_a
THE WORKS OF ARISTOTLE VOLUME -1, VOLUME -2
260
_a
CHICAGO
_b
WILLIAM BENTON
_c
1952
300
_a
9 VOLUMES
942
_c
BK
999
_c
581874
_d
581874